| 000 | 00737nam a22002057a 4500 | ||
|---|---|---|---|
| 999 |
_c7520 _d7520 |
||
| 003 | AR-CdUCM | ||
| 008 | 190320b ||||| |||| 00| 0 spa d | ||
| 040 |
_aMUNICIPALIDAD PROVINCIAL DEL CUSCO _cBIBLIOTECA MUNICIPAL DEL CUSCO |
||
| 082 |
_a500 / _bL52 |
||
| 100 |
_aLetorneau, Carlos _921180 |
||
| 245 | _aCiencia y materialismo / | ||
| 260 | _aBarcelona : | ||
| 300 |
_a189 paginas ; _c19 cm. |
||
| 505 | _aContenido :Variabilidad de los seres organizados -- El mecanismo del pensamiento -- Psicología negra -- El ultimo de los hombres -- Hombres de fisonomía animal ... | ||
| 650 |
_aBiología general _920076 |
||
| 650 |
_aFísica y química _921232 |
||
| 700 |
_aMedina, Aurelio _921233 |
||
| 942 |
_2ddc _cLIBROS |
||
| 945 | _arum | ||